| Tag |
First Indicator |
Second Indicator |
Subfields |
| LEADER |
00000cam a2200000Ia 4500 |
| 001 |
in00003153543 |
| 005 |
20201020164746.0 |
| 008 |
121213m20139999nyua 6 000 f eng d |
| 020 |
|
|
|a 9780785168232 (v. 1 : hbk.)
|
| 020 |
|
|
|a 0785168230 (v. 1 : hbk.)
|
| 020 |
|
|
|a 9780785166528 (v. 1 : pbk.)
|
| 020 |
|
|
|a 0785166521 (v. 1 : pbk.)
|
| 020 |
|
|
|a 9780785168249 (v. 2 : hbk.)
|
| 020 |
|
|
|a 0785168249 (v. 2 : pbk.)
|
| 020 |
|
|
|a 9780785168256 (v. 3 : hbk.)
|
| 020 |
|
|
|a 0785168257 (v. 3 : hbk.)
|
| 020 |
|
|
|a 9780785184140 (v. 4 : hbk.)
|
| 020 |
|
|
|a 0785184147 (v. 4 : pbk.)
|
| 020 |
|
|
|a 9780785154778 (v. 5 : hbk.)
|
| 020 |
|
|
|a 0785154779 (v. 5 : hbk.)
|
| 020 |
|
|
|a 9780785154785 (v. 6 : hbk.)
|
| 020 |
|
|
|a 0785154787 (v. 6 : hbk.)
|
| 035 |
|
|
|a (OCoLC)ocn840670231
|
| 040 |
|
|
|a IOS
|c IOS
|d WIQ
|d UtOrBLW
|
| 049 |
|
|
|a TXAM
|
| 092 |
0 |
|
|a 741.5
|b HICKM
|2 23
|
| 100 |
1 |
|
|a Hickman, Jonathan.
|
| 245 |
1 |
0 |
|a Avengers /
|c writer Jonathan Hickman [and others].
|
| 264 |
|
1 |
|a New York :
|b Marvel ;
|c 2013-
|
| 264 |
|
2 |
|a London :
|b Turnaround [distributor],
|
| 300 |
|
|
|a volumes :
|b chiefly color illustrations ;
|c 27 cm.
|
| 336 |
|
|
|a text
|b txt
|2 rdacontent
|
| 337 |
|
|
|a unmediated
|b n
|2 rdamedia
|
| 338 |
|
|
|a volume
|b nc
|2 rdacarrier
|
| 500 |
|
|
|a Title from cover of volume 1.
|
| 500 |
|
|
|a "Contains material originally published in magazine form as Avengers #1-6"--Tp verso.
|
| 521 |
8 |
|
|a Rated "T+" for older teens.
|
| 505 |
0 |
0 |
|g v. 1.
|t Avengers world --
|g v. 2.
|t The last white event --
|g v. 3.
|t Prelude to infinity --
|g v. 4.
|t Infinity / [24-28] --
|g v. 5.
|t Adapt or die --
|g v. 6.
|t Infinite avengers [#29-34]
|
| 650 |
|
0 |
|a Avengers (Fictitious characters)
|v Comic books, strips, etc.
|
| 650 |
|
0 |
|a Superheroes
|v Comic books, strips, etc.
|
| 650 |
|
1 |
|a Cartoons and comics.
|
| 650 |
|
0 |
|a Avengers (Fictitious characters)
|v Comic books, strips, etc.
|v Fiction.
|
| 650 |
|
0 |
|a Science fiction comic books, strips, etc.
|
| 655 |
|
7 |
|a Graphic novels.
|2 lcgft
|
| 655 |
|
0 |
|a Superhero comic books, strips, etc.
|
| 655 |
|
0 |
|a Science fiction comic books, strips, etc.
|
| 700 |
1 |
|
|a Opeña, Jerome.
|
| 945 |
|
|
|a PromptCat
|b 316258
|
| 946 |
|
|
|a stk
|
| 947 |
|
|
|a A14835886292
|
| 948 |
|
|
|a cataloged
|b h
|c 2013/5/10
|d c
|e ceaton
|f 2:22:39 pm
|
| 994 |
|
|
|a C0
|b TXA
|
| 999 |
|
|
|a MARS
|
| 999 |
f |
f |
|s 39b4e31b-ad11-3e38-9a72-e4f486e29d16
|i 897983cc-edba-39bd-945d-b0b0f20450ad
|t 0
|
| 952 |
f |
f |
|p normal
|a Texas A&M University
|b College Station
|c Sterling C. Evans Library
|d Evans: Library Stacks
|t 0
|e PN6728.A9 H53 2013
|h Library of Congress classification
|i unmediated -- volume
|k v.5
|m A14842739816
|
| 952 |
f |
f |
|p normal
|a Texas A&M University
|b College Station
|c Sterling C. Evans Library
|d Evans: Library Stacks
|t 0
|e PN6728.A9 H53 2013
|h Library of Congress classification
|i unmediated -- volume
|k v.2
|m A14841940191
|
| 952 |
f |
f |
|p normal
|a Texas A&M University
|b College Station
|c Sterling C. Evans Library
|d Evans: Library Stacks
|t 0
|e PN6728.A9 H53 2013
|h Library of Congress classification
|i unmediated -- volume
|k v.4
|m A14842271505
|
| 952 |
f |
f |
|p normal
|a Texas A&M University
|b College Station
|c Sterling C. Evans Library
|d Evans: Library Stacks
|t 0
|e PN6728.A9 H53 2013
|h Library of Congress classification
|i unmediated -- volume
|k v.3
|m A14842132319
|
| 952 |
f |
f |
|p normal
|a Texas A&M University
|b College Station
|c Sterling C. Evans Library
|d Evans: Library Stacks
|t 0
|e PN6728.A9 H53 2013
|h Library of Congress classification
|i unmediated -- volume
|k v.6
|m A14842756307
|
| 952 |
f |
f |
|p normal
|a Texas A&M University
|b College Station
|c Sterling C. Evans Library
|d Evans: Library Stacks
|t 0
|e PN6728.A9 H53 2013
|h Library of Congress classification
|i unmediated -- volume
|k v.1
|m A14835886292
|
| 998 |
f |
f |
|a PN6728.A9 H53 2013
|s v.1-6
|t 0
|l Evans: Library Stacks
|